On This Day: March 16th II Quiz Stats

 Plays Quiz Updated Mar 16, 2018

Score 0/7 Timer 03:00
0 Plays Today
Question Answer Wrong Answers
The United States Military Academy at ______ is formally established.
1802
West Point
93.4%
Fort Bragg
4.7%
Pine Bluff
0.6%
White Sands
1.3%
William I, Prince of Orange, proclaims himself first King of the United Kingdom of the ______.
1815
Netherlands
86.5%
Two Sicilies
2%
East Franks
3.2%
Congo
7.5%
This American actor and comedian, known for his slapstick humor and popular comedy pairing with Dean Martin, is born.
1926
Jerry Lewis
83.5%
Bob Hope
7.8%
Don Rickles
3.6%
Johnny Carson
3.2%
This company produces its 50 millionth automobile, the Thunderbird, averaging almost a million cars a year since the company's founding.
1958
Ford
82.1%
Chrysler
6.8%
General Motors
7.7%
Volkswagen
1.1%
The first version of the overture fantasy ‘Romeo and Juliet’ by ______ receives its premiere performance.
1870
Pyotr Tchaikovsky
65.4%
Frédéric Chopin
14.7%
Claude Debussy
11.5%
Joseph Haydn
7%
From Prague Castle, Hitler proclaims ______ and Moravia, both in present day Czechia, a German protectorate.
1939
Bohemia
62.8%
Saxony
10.6%
Rhineland
18.2%
Hesse
6.3%
Israel officially hands over this city, believed to be one of the oldest inhabited cities in the world, to Palestinian control.
2005
Jericho
59.5%
Damascus
30%
Karnak
3.9%
Persepolis
4.2%

You're not logged in!

Compare scores with friends on all Sporcle quizzes.
OR
Log In

Sporcle TV

Today on Sporcle TV


Watch our educational content, quiz creation guides, and fun videos on Sporcle TV.

Show Comments

Extras

Top Quizzes Today


Score Distribution

Your Account Isn't Verified!

In order to create a playlist on Sporcle, you need to verify the email address you used during registration. Go to your Sporcle Settings to finish the process.

Report this User

Report this user for behavior that violates our Community Guidelines.

Details: